00386nam a2200145Ia 4500008004100000020001800041041000800059082001700067100001600084245005000100250001100150260005400161300000900215700001600224230125s9999 xx 000 0 und d a81-224-1522-9 aeng a658.018bKOT aKothari C R aResearch Methodology : Methods and techniques a2nd ed c2010bNew Age International publishersaNew Delhi a401p aKothari C R